header

Chaos, complexity and transport (Record no. 6569)

MARC details
000 -LEADER
fixed length control field 01492nam a2200361Ia 4500
001 - CONTROL NUMBER
control field ebr10698991
003 - CONTROL NUMBER IDENTIFIER
control field CaPaEBR
006 - FIXED-LENGTH DATA ELEMENTS--ADDITIONAL MATERIAL CHARACTERISTICS--GENERAL INFORMATION
fixed length control field m o u
007 - PHYSICAL DESCRIPTION FIXED FIELD--GENERAL INFORMATION
fixed length control field cr cn|||||||||
008 - FIXED-LENGTH DATA ELEMENTS--GENERAL INFORMATION
fixed length control field 080915s2008 si a sb 100 0 eng d
010 ## - LIBRARY OF CONGRESS CONTROL NUMBER
Canceled/invalid LC control number 2008276855
020 ## - INTERNATIONAL STANDARD BOOK NUMBER
Cancelled/invalid ISBN 9789812818799
Cancelled/invalid ISBN 9812818790
Cancelled/invalid ISBN 9789812818805
040 ## - CATALOGING SOURCE
Original cataloging agency CaPaEBR
Transcribing agency CaPaEBR
035 ## - SYSTEM CONTROL NUMBER
System control number (OCoLC)228372442
050 14 - LIBRARY OF CONGRESS CALL NUMBER
Classification number Q172.5.C45
Item number C42745 2008eb
245 00 - TITLE STATEMENT
Title Chaos, complexity and transport
Medium [electronic resource] :
Remainder of title theory and applications : proceedings of the CCT '07, Marseille, France, 4-8 June 2007 /
Statement of responsibility, etc edited by Cristel Chandre, Xavier Leoncini, George Zaslavsky.
260 ## - PUBLICATION, DISTRIBUTION, ETC. (IMPRINT)
Place of publication, distribution, etc Singapore ;
-- Hackensack, NJ :
Name of publisher, distributor, etc World Scientific,
Date of publication, distribution, etc c2008.
300 ## - PHYSICAL DESCRIPTION
Extent xi, 364 p. :
Other physical details ill.
504 ## - BIBLIOGRAPHY, ETC. NOTE
Bibliography, etc Includes bibliographical references.
533 ## - REPRODUCTION NOTE
Type of reproduction Electronic reproduction.
Place of reproduction Palo Alto, Calif. :
Agency responsible for reproduction ebrary,
Date of reproduction 2013.
Note about reproduction Available via World Wide Web.
-- Access may be limited to ebrary affiliated libraries.
650 #0 - SUBJECT ADDED ENTRY--TOPICAL TERM
Topical term or geographic name as entry element Chaotic behavior in systems
Form subdivision Congresses.
Topical term or geographic name as entry element Nonlinear theories
Form subdivision Congresses.
Topical term or geographic name as entry element Transport theory
Form subdivision Congresses.
Topical term or geographic name as entry element Fluid dynamics
Form subdivision Congresses.
655 #7 - INDEX TERM--GENRE/FORM
Genre/form data or focus term Electronic books.
Source of term local
700 1# - ADDED ENTRY--PERSONAL NAME
Personal name Chandre, Cristel.
Personal name Zaslavsky, George M.
Personal name Leoncini, Xavier.
710 2# - ADDED ENTRY--CORPORATE NAME
Corporate name or jurisdiction name as entry element ebrary, Inc.
856 40 - ELECTRONIC LOCATION AND ACCESS
Uniform Resource Identifier <a href="http://site.ebrary.com/lib/rucke/Doc?id=10698991">http://site.ebrary.com/lib/rucke/Doc?id=10698991</a>
Public note An electronic book accessible through the World Wide Web; click to view

No items available.

© 2026 Rongo University
Contact us: librarian | system librarian | Rongo university